Minecraft youtubers by clue - Statistics

General Stats
  • This quiz has been taken 795 times
    661 since last reset
  • The average score is 6 of 18
Answer Stats
Hint Answer % Correct
Likes doing speedruns and challenges. Very good skills Dream
89%
Colorblind minecraft youtuber Georgenotfound
75%
Known as the diamond minecart DanTDM
70%
Has a diamond derp skin Skeppy
64%
Beast with no beast skin Mr beast
50%
Lava creeper freind of #4 Preston
49%
Makes videos with "Gaming with jen" PopularMMOS
41%
I'm not BALD!!!!!! Bad boy halo
39%
Real name is ian Ssundee
28%
Reptile freind of #6 Unspeakable
27%
He says he has a long nose Stampy
26%
Name is an insect. Does minecraft lore videos Antvenom
17%
Has a blue mask and does slot of minecraft challenges Wisp
17%
Favorite color is green. Likes doing challenges on minecraft. Jelly
16%
Moose milk!!! Moose craft
14%
Slug Slogoman
12%
Blue haired minecraft youtuber who plays games with her siblings Itsfunneh
5%
Only one command!!! Logdotzip
2%
No matching quizzes found
Score Distribution
Percent of People with Each Score
Percentile by Number Answered
Your Score History
You have not taken this quiz since the last reset